Color Management : A Comprehensive Guide for Graphic Designers /

Wedi'i Gadw mewn:
Manylion Llyfryddiaeth
Prif Awdur: Drew, John T. (autor)
Awduron Eraill: Meyer, Sarah A. (autor) (autor)
Fformat: Llyfr
Iaith:Saesneg
Cyhoeddwyd: Suiza : RotoVision, 2005, c2005
Pynciau:
Tagiau: Ychwanegu Tag
Dim Tagiau, Byddwch y cyntaf i dagio'r cofnod hwn!

MARC

LEADER 00000nam^a2200000^a^4500
001 000186690
005 20250521000000.0
009 20260310102233.548
020 |a 2-88046-819-1 
037 |a Acervo ITESO - Biblioteca 
041 |a ING 
082 |a 701. 8  |b DRE 
100 |a Drew, John T.  |e (autor) 
245 1 0 |a Color Management :  |b A Comprehensive Guide for Graphic Designers /  |c J.T. Drew, S.A. Meyer. 
264 4 |a Suiza :  |b RotoVision,  |c 2005, c2005 
300 |a 224 p. +  |e 1 disco compacto de computadora 
336 |a texto  |b txt  |2 rdacontenido 
337 |a sin mediación  |b n  |2 rdamedio 
338 |a volumen  |b nc  |2 rdasoporte 
649 |a XX 
650 |a Color -  |x Tema Principal 
650 |a Impresión 
650 |a Diseño Gráfico 
650 |a Comunicación Visual 
700 |a Meyer, Sarah A.  |e (autor) 
910 |a Fondo General 
920 |a Impresos - Libros 
930 |a Colección General 
905 |a 101 
901 |a 0500128473  |b IT1  |c ACC  |u 20250521 
901 |a 0500128476  |b IT2  |c SWS  |u 20250521 
902 |a https://opac.biblio.iteso.mx/vufind/Record/000186690